Readings in applied english lingüistics

Kaydedildi:
Detaylı Bibliyografya
Yazar: Byron Allen, Harold
Materyal Türü: Kitap
Dil:Undetermined
Baskı/Yayın Bilgisi: San José, Costa Rica Universidad de Costa Rica [s.f.]
Konular:
Etiketler: Etiketle
Etiket eklenmemiş, İlk siz ekleyin!

MARC

LEADER 00000nam a2200000Ia 4500
008 170316s9999 xx 000 0 und d
090 |a 415-I B-20r 
100 |a Byron Allen, Harold 
245 |a Readings in applied english lingüistics 
260 |a San José, Costa Rica 
260 |b Universidad de Costa Rica 
260 |c [s.f.] 
300 |a 80 páginas 
650 |a GRAMÁTICA INGLESA 
999 |c 19310  |d 19310 
040 |a cru BVZT 
942 |c 15 D  |h 415-I B-20r  |2 z